Statistiques concernant Stade Toulousain 23/24

Cliquez ici pour prendre le quiz!

Statistiques générales

  • Ce quiz a été pris 134 fois
    (121 depuis la dernière actualisation)
  • Le résultat moyen est 29 sur 51

Statistiques - réponses

PostePaysRéponse% Correct
PillierFranceBaille
99%
Demi d'ouvertureFranceNtamack
97%
3eme ligne centreFranceNtamack
97%
Demi de meleeFranceDupont
96%
TalonneurFranceMarchand
94%
PillierFranceAldegheri
93%
TalonneurFranceMauvaka
93%
ArrièreFranceRamos
93%
AilierFranceLebel
90%
3eme ligne aileFranceCros
88%
2eme ligneAustralieArnold
84%
Demi de meleeFranceGraou
82%
2eme ligneFranceMeafou
82%
CentreNouvelle ZélandeAhki
81%
2eme ligneFranceFlament
81%
CentreFranceCostes
79%
3eme ligne aileAnglaisWillis
79%
ArrièreItalieCapuozzo
78%
CentreFranceChocobares
78%
3eme ligne aileFranceJelonch
76%
Demi d'ouvertureEcosseKinghorn
74%
3eme ligne centreFranceRoumat
72%
PillierEspagneMerkler
71%
TalonneurFranceCramont
68%
PillierFranceNeti
68%
Demi de meleeFranceGermain
63%
PillierEtats-UnisAinu'u
54%
CentreArgentineBarassi
54%
3eme ligne centreFranceCastro Ferreira
54%
AilierFranceRetière
50%
AilierFranceDelibes
47%
CentreFranceGuitoune
47%
AilierFranceTauzin
46%
2eme ligneFranceBrennan
41%
PillierNouvelle ZélandeLaulala
41%
ArrièreArgentineCruz Mallia
37%
3eme ligne aileFrancePlacines
35%
TalonneurFranceBoubila
31%
2eme ligneFranceVergé
28%
2eme ligneNouvelle ZélandeFaasalele
24%
CentreFranceGourgues
22%
AilierFidjiBituniyata
21%
TalonneurAustralieHawkes
19%
PillierFranceDuprat
18%
Demi d'ouvertureFranceDelpy
16%
PillierFranceMallez
16%
3eme ligne aileFranceBanos
12%
PillierFranceTrauth
9%
2eme ligneFranceLabarthe
7%
CentreFrancePouzelgues
7%
3eme ligne aileFranceSentubery
7%

Distribution des résultats

Percentile par nombre de réponses

% des personnes avec chaque résultat

Votre développement - résultats

Vous n’avez pas pris ce quiz depuis la dernière actualisation